Normal view
MARC view
Entry Personal Name
001 - CONTROL NUMBER
- control field: 138591
003 - CONTROL NUMBER IDENTIFIER
- control field: OSt
005 - DATE AND TIME OF LATEST TRANSACTION
- control field: 20220918220937.0
008 - FIXED-LENGTH DATA ELEMENTS
- fixed length control field: 220918|| aca||aabn | a|a d
040 ## - CATALOGING SOURCE
- Original cataloging agency: OSt
- Transcribing agency: OSt
100 ## - HEADING--PERSONAL NAME
- Personal name: Dobratz Betty A Ed
670 ## - SOURCE DATA FOUND
- Source citation: Work cat.: (OSt)270258: Kourvetaris George A Ed 138590, World perspective in the sociology of the military, 1977
